Southville International School and Colleges
Your cart is empty.
  • Cart
  • Lists
    Public lists Eva Luna New books Lux_list list_1
    Your lists Log in to create your own lists
  • Log in to your account
  • Your cookies
  • Search history
Southville International School and Colleges
  • Advanced search
  • Recent comments
  • Most popular
  • Libraries

Log in to your account

Log in with GOOGLE


If you do not have an external account, but do have a local account, you can still log in:

  1. Home
  2. MARC view: Socio-anthro :
Normal view MARC view ISBD view

Socio-anthro : (Record no. 48473)

[ view plain ]
MARC details
000 -LEADER
fixed length control field 00589nam a2200181Ia 4500
008 - FIXED-LENGTH DATA ELEMENTS--GENERAL INFORMATION
fixed length control field 140321s9999 xx 000 0 und d
020 ## - INTERNATIONAL STANDARD BOOK NUMBER
International Standard Book Number 971041341
050 ## - LIBRARY OF CONGRESS CALL NUMBER
Classification number HM 51
Item number .B212 2012
100 ## - MAIN ENTRY--PERSONAL NAME
Personal name Banaag, Lee Mark T.
245 ## - TITLE STATEMENT
Title Socio-anthro :
Remainder of title an integrated and interdisciplinary approach to the study of society and culture /
Statement of responsibility, etc Lee Mark T. Banaag.
260 ## - PUBLICATION, DISTRIBUTION, ETC. (IMPRINT)
Place of publication, distribution, etc Mandaluyong City :
Name of publisher, distributor, etc Books Atpb. Pub.,
Date of publication, distribution, etc c2012.
300 ## - PHYSICAL DESCRIPTION
Extent 278 p. :
Other physical details ill. ;
Dimensions 25 cm.
500 ## - GENERAL NOTE
General note Includes bibliographical references.
521 ## - TARGET AUDIENCE NOTE
Target audience note
650 ## - SUBJECT ADDED ENTRY--TOPICAL TERM
Topical term or geographic name as entry element Sociology.
942 ## - ADDED ENTRY ELEMENTS (KOHA)
Call number prefix Local
Koha item type Books
Holdings
Withdrawn status Lost status Damaged status Home library Current library Shelving location Date acquired Total Checkouts Total Renewals Full call number Barcode Date last seen Date checked out Price effective from Koha item type
      College Library College Library Reserve Section 03/21/2014 6 20 HM 51 .B212 2012 C17756 07/18/2019 07/08/2019 03/21/2014 Books

Socio-anthro :

APA

Banaag L. M. T., . (2012). Socio-anthro. Mandaluyong City: Books Atpb. Pub.

Chicago

Banaag Lee Mark T, . 2012. Socio-anthro. Mandaluyong City: Books Atpb. Pub.

Harvard

Banaag L. M. T., . (2012). Socio-anthro. Mandaluyong City: Books Atpb. Pub.

MLA

Banaag Lee Mark T, . Socio-anthro. Mandaluyong City: Books Atpb. Pub. 2012.

  • Place hold
  • Print
  • Cite
  • Add to your cart (remove)
  • Save record
    BIBTEX Dublin Core MARCXML MARC (non-Unicode/MARC-8) MARC (Unicode/UTF-8) MARC (Unicode/UTF-8, Standard) MODS (XML) RIS
  • More searches
    Search for this title in:
    Other Libraries (WorldCat) Other Databases (Google Scholar) Online Stores (Bookfinder.com) Open Library (openlibrary.org)

Exporting to Dublin Core...

SOUTHVILLE LIBRARY

Southville International School and Colleges Library

1281 Tropical Ave. Cor. Luxembourg St., BF Homes International, Las Pinas City

Tel. No. 8256374 / 252358 Loc. 117/146

Powered by Koha